LDR 00634naa#a2200169#i#450# 001 EN\\bibl\120770 005 20260630034439.2 011 ## _a2687-0185 100 ## _a20251202b2025####ek#y0engy0150####ca 102 ## _aRU 200 1# _aHuman capital development as a direction of state policy in the field of economic security _eJournal article 210 1# _aMoscow _cMoscow University of the Ministry of Internal Affairs of Russia named after V.Ya. Kikot _d2025 215 ## _a5 с. 608 ## _aJournal article _2local 675 ## _aПраво. Юридические науки. 34 _z 700 #1 _aMalahaeva _gYuliya Aleksandrovna 856 4# _amosumvd.editorum.ru _u